Nursery Rhymes Quiz Stats

 Plays Quiz not verified by Sporcle

Challenge
Share
Tweet
Embed
Score 0/26 Timer 10:00
0 Plays Today
Title % Correct
rock a bye ?baby
100%
jack and ?jill
100%
hickory dickory ?dock
98.4%
hot cross ?buns
98.4%
little bo ?peep
98.4%
mary had a little ?lamb
98.4%
it's raining it's ?pouring
95.1%
there was a farmer had a dog and ? was his name obingo
95.1%
jack be ? jack be quicknimble
93.4%
old ? had a farmmcdonald
93.4%
little miss ?muffet
91.8%
humpty ?dumpty
91.8%
this ? manold
90.2%
Title % Correct
pop goes the ?weasel
90.2%
itsy bitsy ?spider
90.2%
three ? miceblind
90.2%
ring around the ?rosie
88.5%
the farmer in the ?dell
86.9%
? ? little startwinkle twinkle
86.2%
? ? go awayrain rain
83.6%
paty ? bakers mancake
83.6%
hey ? ? the cat in the fiddlediddle diddle
83.6%
one two ? buckle my shoe
75.4%
this little ?piggy
70.5%
three little ? kittens
53.4%
the ? manmuffin
49.2%

You're not logged in!

Compare scores with friends on all Sporcle quizzes.
Join for Free
OR
Log In

You Might Also Like...

Show Comments

Extras

Created Dec 23, 2012ReportNominate
Tags:nursery, rhyme

Top Quizzes Today


Score Distribution

Your Account Isn't Verified!

In order to create a playlist on Sporcle, you need to verify the email address you used during registration. Go to your Sporcle Settings to finish the process.

Report this User

Report this user for behavior that violates our Community Guidelines.

Details: